Report of The Finance Committee on The Ghana Education Trust Fund (Amendment) Bill, 2025 (Record no. 5833)
[ view plain ]
| 000 -LEADER | |
|---|---|
| fixed length control field | 00573nam a22001697a 4500 |
| 003 - CONTROL NUMBER IDENTIFIER | |
| control field | OSt |
| 005 - DATE AND TIME OF LATEST TRANSACTION | |
| control field | 20251216095805.0 |
| 008 - FIXED-LENGTH DATA ELEMENTS--GENERAL INFORMATION | |
| fixed length control field | 251216b |||||||| |||| 00| 0 eng d |
| 041 ## - LANGUAGE CODE | |
| Language code of text/sound track or separate title | English |
| 082 ## - DEWEY DECIMAL CLASSIFICATION NUMBER | |
| Classification number | Acc No: 12,053 CR/GETF/25 |
| 110 ## - MAIN ENTRY--CORPORATE NAME | |
| Corporate name or jurisdiction name as entry element | Parliament of Ghana |
| 245 ## - TITLE STATEMENT | |
| Title | Report of The Finance Committee on The Ghana Education Trust Fund (Amendment) Bill, 2025 |
| 260 ## - PUBLICATION, DISTRIBUTION, ETC. | |
| Place of publication, distribution, etc. | Accra: |
| Name of publisher, distributor, etc. | Parliament of Ghana, |
| Date of publication, distribution, etc. | 2025. |
| 300 ## - PHYSICAL DESCRIPTION | |
| Extent | 4p. |
| 653 ## - INDEX TERM--UNCONTROLLED | |
| Uncontrolled term | Report of The Finance Committee on The Ghana Education Trust Fund (Amendment) Bill, 2025 |
| 942 ## - ADDED ENTRY ELEMENTS (KOHA) | |
| Source of classification or shelving scheme | Dewey Decimal Classification |
| Koha item type | Committee Reports |
| Suppress in OPAC | No |
| Withdrawn status | Lost status | Source of classification or shelving scheme | Damaged status | Not for loan | Collection | Home library | Current library | Shelving location | Date acquired | Total checkouts | Full call number | Date last seen | Copy number | Price effective from | Koha item type |
|---|---|---|---|---|---|---|---|---|---|---|---|---|---|---|---|
| Dewey Decimal Classification | Parliamentary Papers | Main Library | Main Library | Open Shelves | 16/12/2025 | Acc No: 12,053 CR/GETF/25 | 16/12/2025 | 1 | 16/12/2025 | Committee Reports | |||||
| Dewey Decimal Classification | Parliamentary Papers | Main Library | Main Library | Open Shelves | 16/12/2025 | Acc No: 12,054 CR/GETF/25 | 16/12/2025 | 2 | 16/12/2025 | Committee Reports |